Škola podnikových financií. 8 - Investície

Použitie finančných zdrojov podniku. Aspekty investovania. Investícia - premena kapitálu. Časové hodnoty. Objem a riziko. Druhy investícií. Hodnotenie rizikovosti. Druhy rizika. Psychologické aspekty investovania.

Saved in:
Bibliographic Details
Main Author: Daniel, Peter
Other Authors: Krištofík, Peter
Format: Book Chapter
Language:Slovak
Subjects:
Tags: Add Tag
No Tags, Be the first to tag this record!

MARC

LEADER 00000naa a2200000 4500
001 r021320
005 20230801104623.6
041 0 |a slo 
044 |a SK 
245 1 0 |a Škola podnikových financií. 8 - Investície  |c Peter Daniel, Peter Krištofík 
520 |a Použitie finančných zdrojov podniku. Aspekty investovania. Investícia - premena kapitálu. Časové hodnoty. Objem a riziko. Druhy investícií. Hodnotenie rizikovosti. Druhy rizika. Psychologické aspekty investovania. 
610 2 0 |a financovanie podnikov 
610 2 0 |a financie podnikové 
610 2 0 |a investovanie 
610 2 0 |a investície 
610 2 0 |a riziko 
100 1 |a Daniel, Peter 
700 1 |a Krištofík, Peter